• 首页
  • 本馆介绍
  • 公告通知
  • 最新文献
  • 馆藏检索
  • 电子资源
  • 读者导购
  • 参考咨询
  • 我的图书馆
  • 登录
  • 详细信息显示
  • 放入我的书架
  • 预约/预借图书
  • 作者相关作品
  • 分类相关作品
  • 丛书相关作品
  • 出版社相关作品

书目信息

  • 表格格式
  • 工作单格式
  • 卡片格式
题名:
中国服务贸易出口流量的影响因素与潜力研究
    
 
作者: 吴丹 著
分册:  
出版信息: 北京   经济科学出版社  2013
页数: 148页
开本: 21cm
丛书名:
单 册:
中图分类: F752.68
科图分类:
主题词: 服务贸易--出口贸易--研究--中国 , 服务贸易 , 出口贸易
电子资源:
ISBN: 978-7-5141-3866-5
000 01264nam0 2200277 450
001 523
005 20140909101232.71
010    @a978-7-5141-3866-5@dCNY22.00
100    @a20140117d2013 em y0chiy50 ea
101 0  @achi
102    @aCN@b110000
105    @ay z 000yy
106    @ar
200 1  @a中国服务贸易出口流量的影响因素与潜力研究@AZhong Guo Fu Wu Mao Yi Chu Kou Liu Liang De Ying Xiang Yin Su Yu Qian Li Yan Jiu@f吴丹著@FWu Dan Zhu
210    @a北京@c经济科学出版社@d2013
215    @a148页@d21cm
312    @a封面英文题名:Study on determinants and potentialities of services trade export flows of China
330    @a本书从国际贸易理论及新制度经济学相关经济学理论的不同角度,分析了中国服务贸易出口流量的主要影响因素,建立了5个扩展的中国服务贸易整体和行业引力模型,使用固定效应面板数据处理方法进行多元回归分析,并估算了中国服务贸易整体和行业出口贸易流量的潜力,最后提出促进中国服务贸易出口发展的对策建议。
510 1  @aStudy on determinants and potentialities of services trade export flows of China@zeng
606 0  @a服务贸易@x出口贸易@x研究@y中国
606 0  @a服务贸易
606 0  @a出口贸易
690    @aF752.68@v5
701  0 @a吴丹@AWu Dan@c(女,@f1973~)@4著
801  0 @aCN@bTANGWEI@c20140603
905    @b0840151-53@dF752.68@e42@f3
    
    中国服务贸易出口流量的影响因素与潜力研究/吴丹著.-北京:经济科学出版社,2013
    148页;21cm
    
    
    ISBN 978-7-5141-3866-5:CNY22.00
    本书从国际贸易理论及新制度经济学相关经济学理论的不同角度,分析了中国服务贸易出口流量的主要影响因素,建立了5个扩展的中国服务贸易整体和行业引力模型,使用固定效应面板数据处理方法进行多元回归分析,并估算了中国服务贸易整体和行业出口贸易流量的潜力,最后提出促进中国服务贸易出口发展的对策建议。
●
相关链接 在E读中查询图书 在五车中查询图书 在当当中查询图书 在豆瓣中查询图书


正题名:中国服务贸易出口流量的影响因素与潜力研究     索取号:F752.68/42         预约/预借

序号 登录号 条形码 馆藏地/架位号 状态 备注
1 0840151   208401512   第一样本阅览室/ [索取号:F752.68/42] 在馆    
2 0840152   208401521   第一借阅区/ [索取号:F752.68/42] 在馆    
3 0840153   208401530   密集书库-海洋学院/ [索取号:F752.68/42] 在馆    
唐山师范学院图书馆 欢迎您!
大连网信软件有限公司© 版权所有